000 00910nam a22002655i 4500
001 177736
003 ES-MaACL
005 20230906220411.0
008 110415s1956 sp |||| | spa d
080 _a821.134.2-31"19"(082.2)
100 1 _aChaparro Wert, Manuel.
_938007
245 1 3 _aLa ciudad, enemiga /
_cManuel Chaparro Wert. Ha pasado uno más / José de Diego Burruezo. Fraude / Antonio Pérez Sánchez. Después del primer paso / M. Bolcan.
260 _aMadrid :
_bAguilar,
_c1956.
300 _a636 p. ;
_c20 cm.
490 1 _aNova navis ;
_v2
700 1 _aDiego Burruezo, José de.
_9146206
700 1 _aPérez Sánchez, Antonio.
_991144
700 1 _aBolcan, M.
_9146207
740 0 2 _aHa pasado uno más.
740 0 2 _aFraude.
740 0 2 _aDespués del primer paso.
830 0 _aNova navis ;
_v2
_9190579
852 _aES-MaACL
_jE-14935
_xOlim P-259
999 _c177736
_d177736